000 00787nam a2200241Ia 4500
003 OSt
005 20220923224328.0
006 a|||||r|||| 00| 0
007 ta
008 Pun
024 _a231,265
037 _cTextual
040 _aARTS
_cARTS
_bPun
041 _2Pun
_aPun
082 _aO153,3NBH1x, N2
100 _aਭੰਡਾਰੀ, ਸੁਖਚੈਨ ਸਿੰਘ
245 0 _aਮੈ੍ਵ ਕਠਪੁਤਲੀ ਨਹੀ੍ਵ
_b ਕਹਾਣੀ-ਸੰਗ੍ਰਹਿ
260 _aਅਮ੍ਰਿਤਸਰ
_b ਲਿਟਰੇਚਰ ਹਾਊਸ
_c1992
300 _a96ਪੰ
_ccm.
650 _aਪੰਜਾਬੀ ਸਾਹਿਤ
942 _hO153,3NBH1x, N2
_cTEXL
_2CC
999 _c370702
_d370702